[Event "Barcelona Rubinenca op 2nd"]
[Site "Barcelona"]
[Date "2023.11.24"]
[Round "9"]
[White "Martin Caro Molon, Julian"]
[Black "Martinez Ferrer, Rafael"]
[Result "0-1"]
[WhiteElo "1447"]
[BlackElo "1687"]
[PlyCount "88"]
[EventDate "2023.09.22"]
[EventType "swiss"]
[EventRounds "9"]
[EventCountry "ESP"]
[SourceTitle "EXT 2025"]
[Source "ChessBase"]
[SourceDate "2024.10.14"]
[SourceVersion "1"]
[SourceVersionDate "2024.10.14"]
[SourceQuality "1"]

1. d4 d5 2. Bf4 Nf6 3. e3 c5 4. Nd2 Nc6 5. c3 Bf5 6. Ngf3 h6 7. h3 e6 8. dxc5 Bxc5 9. Nb3 Be7 10. Bd3 Ne4 11. Nbd4 Bh7 12. Bb5 Qb6 13. Qa4 Rc8 14. Ne5 0-0 15. Nd7 Qd8 16. Nxf8 Bxf8 17. Nxc6 bxc6 18. Ba6 Nc5 19. Qd4 Nxa6 20. 0-0 c5 21. Qa4 Qb6 22. c4 dxc4 23. Qxc4 Nb4 24. e4 Nc6 25. b3 Nd4 26. Rfe1 Qb7 27. f3 Nc6 28. Be3 Ne5 29. Qc3 Ng6 30. Red1 Be7 31. Rd2 Bf6 32. Qa5 Bxa1 33. Rd8+ Nf8 34. Bxc5 Rxd8 35. Qxd8 Bg6 36. Qxf8+ Kh7 37. b4 Be5 38. Bd6 Qb6+ 39. Bc5 Qa6 40. Qd8 Qe2 41. Bf2 Qc2 42. g3 Qxa2 43. Qa5 Qxa5 44. bxa5 Bc3 0-1

[Event "Barcelona Rubinenca op 2nd"]
[Site "Barcelona"]
[Date "2023.10.20"]
[Round "4"]
[White "Martin Caro Molon, Julian"]
[Black "Colomer Gomez, Jordi"]
[Result "0-1"]
[WhiteElo "1447"]
[BlackElo "1804"]
[PlyCount "78"]
[EventDate "2023.09.22"]
[EventType "swiss"]
[EventRounds "9"]
[EventCountry "ESP"]
[SourceTitle "EXT 2025"]
[Source "ChessBase"]
[SourceDate "2024.10.14"]
[SourceVersion "1"]
[SourceVersionDate "2024.10.14"]
[SourceQuality "1"]

1. d4 d5 2. Nf3 Nf6 3. Bf4 e6 4. e3 c5 5. Nbd2 Nc6 6. c3 cxd4 7. exd4 Nh5 8. Bg5 f6 9. Bh4 Bd6 10. Bb5 Qb6 11. Bxc6+ bxc6 12. b3 Nf4 13. 0-0 g5 14. Bg3 h5 15. c4 Qd8 16. cxd5 cxd5 17. Qc2 Kf7 18. Qc6 Rb8 19. Bxf4 Bxf4 20. Qc2 Ba6 21. Rfc1 Rc8 22. Qb2 Qb6 23. g3 Bd6 24. a3 h4 25. b4 hxg3 26. hxg3 Bd3 27. Rxc8 Rxc8 28. Rc1 Rxc1+ 29. Qxc1 g4 30. Qc3 Be2 31. Nh4 Qb5 32. Qe3 Qd3 33. Qh6 Bf8 34. Qf4 a5 35. bxa5 Qxa3 36. Qc7+ Be7 37. Ng6 Kxg6 38. Qd7 Kf7 39. Qa7 Qc1+ 0-1